| Tag |
First Indicator |
Second Indicator |
Subfields |
| LEADER |
00000cam a2200000 a 4500 |
| 001 |
in00004637821 |
| 006 |
m o d |
| 007 |
cr cnu---unuuu |
| 008 |
130502r20001968nyua obf 001 0 eng d |
| 005 |
20230110223959.5 |
| 035 |
|
|
|a (OCoLC)ocn841514723
|
| 040 |
|
|
|a VALIL
|b eng
|e pn
|c VALIL
|d OCLCF
|d OCLCO
|d YDXCP
|d OCL
|d OCLCQ
|d ZCU
|d OCLCQ
|d STF
|d CEF
|d COO
|d OCLCQ
|d AU@
|d OCLCQ
|d OCL
|d UKAHL
|d OCLCQ
|d OCLCO
|
| 020 |
|
|
|a 9780486320236
|q (electronic bk.)
|
| 020 |
|
|
|a 0486320235
|q (electronic bk.)
|
| 020 |
|
|
|z 0486411478
|
| 020 |
|
|
|z 9780486411477
|
| 035 |
|
|
|a (OCoLC)841514723
|
| 050 |
|
4 |
|a QA40
|b .K598 2000eb
|
| 082 |
0 |
4 |
|a 510/.2/1
|2 22
|
| 049 |
|
|
|a TXAM
|
| 100 |
1 |
|
|a Korn, Granino A.
|q (Granino Arthur),
|d 1922-
|
| 245 |
1 |
0 |
|a Mathematical handbook for scientists and engineers :
|b definitions, theorems, and formulas for reference and review /
|c Granino A. Korn and Theresa M. Korn.
|
| 250 |
|
|
|a Dover ed.
|
| 260 |
|
|
|a Mineola, N.Y. :
|b Dover Publications,
|c 2000.
|
| 300 |
|
|
|a 1 online resource (xvii, 1130 pages) :
|b illustrations
|
| 336 |
|
|
|a text
|b txt
|2 rdacontent
|
| 337 |
|
|
|a computer
|b c
|2 rdamedia
|
| 338 |
|
|
|a online resource
|b cr
|2 rdacarrier
|
| 500 |
|
|
|a Originally published: 2nd, enlarged and revised edition New York : McGraw-Hill, ©1968.
|
| 504 |
|
|
|a Includes bibliographical references and index.
|
| 505 |
0 |
|
|a TABLE OF CONTENTS -- Real and complex numbers. Elementary algebra -- Plane analytic geometry -- Solid analytic geometry -- Functions and limits. Differential and integral calculus -- Vector analysis -- Curvilinear coordinate systems -- Functions of a complex variable -- The Laplace transformation and other functional transformations -- Ordinary differential equations -- Partial differential equations -- Maxima and minima and optimization problems -- Definitions of mathematical models: modern (abstract) algebra and abstract spaces -- Matrices. Quadratic and hermitian forms -- Linear vector spaces and linear transformations (linear operators). Representation of mathematical models in terms of matrices -- Linear integral equations, boundary-value problems, and eigenvalue problems -- Representation of mathematical models: tensor algebra and analysis -- Differential geometry -- Probability theory and random processes -- Mathematical statistics -- Numerical calculations and finite differences -- Special functions -- Formulas describing plane figures and solids -- Plane and spherical trigonometry -- Permutations, combinations, and related topics -- Tables of Fourier expansions and Laplace-transform pairs -- Integrals, sums, infinite series and products, and continued fractions -- Numerical tables.
|
| 520 |
|
|
|a A reliable source of definitions, theorems, and formulas, this authoritative handbook provides convenient access to information from every area of mathematics.
|
| 588 |
0 |
|
|a Print version record.
|
| 650 |
|
0 |
|a Mathematics
|v Handbooks, manuals, etc.
|
| 650 |
|
6 |
|a Mathématiques
|v Guides, manuels, etc.
|
| 650 |
|
7 |
|a TECHNOLOGY & ENGINEERING
|x Civil
|x General.
|2 bisacsh
|
| 650 |
|
7 |
|a Mathematics.
|2 fast
|0 (OCoLC)fst01012163
|
| 655 |
|
7 |
|a Electronic books.
|2 local
|
| 655 |
|
7 |
|a handbooks.
|2 aat
|
| 655 |
|
7 |
|a manuals (instructional materials)
|2 aat
|
| 655 |
|
7 |
|a Handbooks and manuals.
|2 fast
|0 (OCoLC)fst01423877
|
| 655 |
|
7 |
|a Handbooks and manuals.
|2 lcgft
|
| 655 |
|
7 |
|a Guides et manuels.
|2 rvmgf
|
| 700 |
1 |
|
|a Korn, Theresa M.
|
| 710 |
2 |
|
|a Knovel (Firm)
|
| 776 |
0 |
8 |
|i Print version:
|a Korn, Granino A. (Granino Arthur), 1922-
|t Mathematical handbook for scientists and engineers.
|b Dover ed.
|d Mineola, N.Y. : Dover Publications, 2000
|z 0486411478
|w (DLC) 00030318
|w (OCoLC)43864234
|
| 856 |
4 |
0 |
|u http://proxy.library.tamu.edu/login?url=https://app.knovel.com/hotlink/toc/id:kpMHSEDTF1/mathematical-handbook-for?kpromoter=marc
|z Connect to the full text of this electronic book
|t 0
|
| 955 |
|
|
|a Knovel ebooks
|
| 994 |
|
|
|a 92
|b TXA
|
| 999 |
f |
f |
|s f35ce476-7689-4991-af6f-7404f1adeedc
|i 9fcefdbb-af09-4504-a24a-ae951d4babb8
|t 0
|
| 952 |
f |
f |
|a Texas A&M University
|b College Station
|c Electronic Resources
|d Available Online
|t 0
|e QA40 .K598 2000eb
|h Library of Congress classification
|
| 998 |
f |
f |
|a QA40 .K598 2000eb
|t 0
|l Available Online
|